Представление документа в формате RUSMARC

Поле Инд. ПП Название Значение
Тип записи a
Библиографический уровень a
001 Контрольный номер 9b24ed538fd64b138750a56123d372d4
005 Дата корректировки 20200129132400.3
100 a Данные общей обработки 20190404 ||| 0rusy0189 ca
101 0_ a Язык текста rus
102 a Страна публикации RU
200 1_ f Первые сведения об ответственности Л. Новоселова
a Заглавие Государственная регистрация результатов интеллектуальной деятельности: история вопроса
b Общее обозначение материала Текст
210 1_ d Дата издания 2019
461 _0 1 2000
a Хозяйство и право
463 _0 1 2000
a № 3
v С. 50-59
1 2101
d 2019
1 001facead6a954440fb9d1b60fe6a69879b
606 a Основная рубрика Гражданское и торговое право
610 0_ a Ключевые слова ПРАВА ИСКЛЮЧИТЕЛЬНЫЕ
a Ключевые слова ГОСУДАРСТВЕННАЯ РЕГИСТРАЦИЯ
a Ключевые слова ИНТЕЛЛЕКТУАЛЬНАЯ СОБСТВЕННОСТЬ
700 _1 a Фамилия Новоселова
b Имя Л.
801 _0 a Страна RU
b Организация РГУП
c Дата составления 20190404
g Правила каталогизации PSBO
801 _1 a Страна RU
b Организация РГУП
c Дата составления 20190404
g Правила каталогизации PSBO
901 t Тип документа b
w Контрольный № источника facead6a954440fb9d1b60fe6a69879b
905 a Дата ввода 20190404